[Event "RUS-chT Rapid (Women)"]
[Site "Sochi"]
[Date "2023.10.18"]
[Round "5.15"]
[White "Kirdyashkina, Ekaterina"]
[Black "Reger, Valeriia"]
[Result "0-1"]
[WhiteElo "1882"]
[BlackElo "1993"]
[PlyCount "139"]
[EventDate "2023.10.18"]
[EventType "team-swiss (rapid)"]
[EventRounds "9"]
[EventCountry "RUS"]
[SourceTitle "Mega2024 Update 01"]
[Source "Chessbase"]
[SourceDate "2023.11.12"]
[SourceVersion "1"]
[SourceVersionDate "2023.11.12"]
[SourceQuality "1"]
[WhiteTeam "Rostov Nastavnik (W)"]
[BlackTeam "St Petersburg SShOR (W) II"]
[WhiteTeamCountry "RUS"]
[BlackTeamCountry "RUS"]

1. e4 e6 2. d4 d5 3. exd5 exd5 4. Nf3 Bg4 5. h3 Bh5 6. c3 Nf6 7. Bd3 Bd6 8. 0-0 0-0 9. Bg5 Nbd7 10. Nbd2 c5 11. Qc2 h6 12. Bh4 cxd4 13. Nxd4 Ne5 14. f4 Nxd3 15. Qxd3 Bg6 16. f5 Bh7 17. Rae1 Bc5 18. b4 Bb6 19. Qg3 Bxd4+ 20. cxd4 Qb6 21. Bxf6 Qxf6 22. Qe5 Qc6 23. Nf3 Rae8 24. Qf4 Re4 25. Rxe4 dxe4 26. Ne5 Qd5 27. f6 Qxd4+ 28. Kh1 g5 29. Qg3 Rd8 30. Ng4 Qd3 31. Nxh6+ Kf8 32. Qxg5 Qxf1+ 33. Kh2 Qc4 34. Qg7+ Ke8 35. Qh8+ Kd7 36. Qxh7 Qc7+ 37. Kg1 Kc8 38. Ng4 Kb8 39. Qf5 Rd1+ 40. Kf2 Rd2+ 41. Kg1 Rd1+ 42. Kf2 Rd2+ 43. Kg1 Rd1+ 44. Kf2 Qc2+ 45. Kg3 Rd3+ 46. Kh4 Qxg2 47. Qe5+ Kc8 48. Qc5+ Kd8 49. Qf8+ Kc7 50. Qe7+ Rd7 51. Qc5+ Kb8 52. Qe5+ Rc7 53. a4 b6 54. a5 Qh1 55. axb6 axb6 56. Qd4 Qe1+ 57. Kh5 Kb7 58. Qd5+ Ka7 59. Qd6 Qc3 60. h4 Rc8 61. Qe7+ Rc7 62. Qxe4 Qg3 63. Qd5 Qf4 64. Qa2+ Kb8 65. Qb2 Qf5+ 66. Kh6 Qxg4 67. Qb1 Qxh4+ 68. Kg7 Qg5+ 69. Kf8 Qxf6 70. Qd1 0-1

[Event "RUS-ch Blitz (Women)"]
[Site "Sochi"]
[Date "2023.10.14"]
[Round "13"]
[White "Reger, Valeriia"]
[Black "Borisova, Ekaterina"]
[Result "0-1"]
[WhiteElo "1993"]
[BlackElo "2168"]
[PlyCount "48"]
[EventDate "2023.10.14"]
[EventType "swiss (blitz)"]
[EventRounds "13"]
[EventCountry "RUS"]
[SourceTitle "Mega2024 Update 01"]
[Source "Chessbase"]
[SourceDate "2023.11.12"]
[SourceVersion "1"]
[SourceVersionDate "2023.11.12"]
[SourceQuality "1"]

1. d4 Nf6 2. c4 e6 3. Nc3 Bb4 4. f3 c5 5. d5 d6 6. e4 b5 7. cxb5 a6 8. Bg5 0-0 9. bxa6 exd5 10. Bd3 h6 11. Bxf6 Qxf6 12. Nge2 d4 13. a3 dxc3 14. axb4 cxb2 15. Rb1 Nxa6 16. bxc5 Nxc5 17. Bc4 Ba6 18. Bxa6 Rxa6 19. 0-0 Rb8 20. Qd5 Ra1 21. Nd4 Rxb1 22. Rxb1 Qf4 23. Ne2 Qe3+ 24. Kf1 Nd3 0-1

[Event "RUS-ch Blitz (Women)"]
[Site "Sochi"]
[Date "2023.10.14"]
[Round "7"]
[White "Reger, Valeriia"]
[Black "Voit, Daria"]
[Result "0-1"]
[WhiteElo "1993"]
[BlackElo "2343"]
[PlyCount "80"]
[EventDate "2023.10.14"]
[EventType "swiss (blitz)"]
[EventRounds "13"]
[EventCountry "RUS"]
[SourceTitle "Mega2024 Update 01"]
[Source "Chessbase"]
[SourceDate "2023.11.12"]
[SourceVersion "1"]
[SourceVersionDate "2023.11.12"]
[SourceQuality "1"]

1. d4 Nf6 2. c4 e6 3. Nc3 Bb4 4. f3 c5 5. d5 0-0 6. e4 d6 7. Bd3 b5 8. a3 Bxc3+ 9. bxc3 bxc4 10. Bxc4 exd5 11. Bxd5 Nxd5 12. Qxd5 Qb6 13. Bf4 Rd8 14. Ne2 Bb7 15. Qg5 Ba6 16. Kf2 Nc6 17. Rab1 Qa5 18. Qg3 d5 19. Bh6 g6 20. Bg5 Re8 21. Qd6 Bxe2 22. Kxe2 Qa6+ 23. Kf2 dxe4 24. fxe4 Re6 25. Qd5 Rae8 26. Rhe1 Ne5 27. Rbd1 Qxa3 28. Bf4 Qxc3 29. Re3 Qb4 30. Bxe5 Rxe5 31. Qd7 R5e7 32. Qd5 Rxe4 33. Rf3 Re2+ 34. Kg3 R2e7 35. Rdd3 Qe4 36. Qxc5 Qe6 37. Rde3 Qd7 38. Rxe7 Qxe7 39. Qc4 Qe5+ 40. Kf2 Qe1# 0-1

[Event "Titled Tuesday intern op 04th Apr Late"]
[Site "Chess.com INT"]
[Date "2023.04.04"]
[Round "3"]
[White "Maghsoodloo, Parham"]
[Black "Reger, Valeriia"]
[Result "1-0"]
[WhiteElo "2730"]
[BlackElo "1934"]
[PlyCount "65"]
[EventDate "2023.04.04"]
[EventType "swiss (blitz)"]
[EventRounds "11"]
[EventCountry "USA"]
[SourceTitle "EXT 2024"]
[Source "ChessBase"]
[SourceDate "2023.10.10"]
[SourceVersion "1"]
[SourceVersionDate "2023.10.10"]
[SourceQuality "1"]

1. d4 Nf6 2. c4 e6 3. Nf3 d5 4. Nc3 Bb4 5. Bg5 h6 6. Bxf6 Qxf6 7. Qa4+ Nc6 8. e3 0-0 9. Be2 dxc4 10. 0-0 Bd7 11. Bxc4 Bxc3 12. bxc3 Rfd8 13. Qa3 Qe7 14. Qb2 Na5 15. Bd3 b6 16. Ne5 Be8 17. f4 c5 18. Qf2 Rac8 19. f5 f6 20. Nf3 e5 21. e4 exd4 22. cxd4 cxd4 23. e5 fxe5 24. Rae1 Rc5 25. Qg3 Nc6 26. f6 Qxf6 27. Nxd4 Qd6 28. Nf5 Qf6 29. Bc2 Qg5 30. Bb3+ Kh7 31. Qxg5 hxg5 32. Re3 g6 33. Rh3# 1-0

[Event "Titled Tuesday intern op 28th Mar Late"]
[Site "Chess.com INT"]
[Date "2023.03.28"]
[Round "1"]
[White "Aggelis, Nikolaos"]
[Black "Reger, Valeriia"]
[Result "0-1"]
[WhiteElo "2274"]
[BlackElo "1930"]
[PlyCount "88"]
[EventDate "2023.03.28"]
[EventType "swiss (blitz)"]
[EventRounds "11"]
[EventCountry "USA"]
[SourceTitle "EXT 2024"]
[Source "ChessBase"]
[SourceDate "2023.10.10"]
[SourceVersion "1"]
[SourceVersionDate "2023.10.10"]
[SourceQuality "1"]

1. c4 Nf6 2. g3 e6 3. Bg2 d5 4. Nf3 Be7 5. 0-0 0-0 6. b3 d4 7. Bb2 c5 8. e3 Nc6 9. b4 dxe3 10. fxe3 Nxb4 11. d4 Qc7 12. Na3 a6 13. Ne5 Rb8 14. Rc1 b6 15. Nc2 Bb7 16. Nxb4 cxb4 17. Bxb7 Qxb7 18. Qf3 Qxf3 19. Rxf3 Bd6 20. Rxf6 gxf6 21. Nd7 Rbc8 22. d5 e5 23. Nxf6+ Kg7 24. Ne4 Bb8 25. g4 f5 26. gxf5 Rxf5 27. Ng3 Rf3 28. Kg2 Rcf8 29. Rf1 Rxf1 30. Nxf1 Kg6 31. Nd2 Kf5 32. Kg3 e4+ 33. Kg2 Rg8+ 34. Kh1 Be5 35. Bc1 Rc8 36. Kg2 b5 37. a3 bxa3 38. Bxa3 bxc4 39. Kf2 c3 40. Nb3 c2 41. h3 Rc3 42. d6 Rxb3 43. d7 Bc7 44. Bd6 Bd8 0-1

[Event "Titled Tuesday intern op 28th Mar Late"]
[Site "Chess.com INT"]
[Date "2023.03.28"]
[Round "3"]
[White "Martin Fuentes, Alberto"]
[Black "Reger, Valeriia"]
[Result "0-1"]
[WhiteElo "2393"]
[BlackElo "1930"]
[PlyCount "138"]
[EventDate "2023.03.28"]
[EventType "swiss (blitz)"]
[EventRounds "11"]
[EventCountry "USA"]
[SourceTitle "EXT 2024"]
[Source "ChessBase"]
[SourceDate "2023.10.10"]
[SourceVersion "1"]
[SourceVersionDate "2023.10.10"]
[SourceQuality "1"]

1. e4 e6 2. Nf3 d5 3. e5 c5 4. b4 cxb4 5. a3 Nc6 6. d4 Nh6 7. Bxh6 gxh6 8. Bd3 Bg7 9. 0-0 0-0 10. Nbd2 f5 11. exf6 Qxf6 12. Nb3 Bd7 13. Nc5 Bc8 14. Nb3 bxa3 15. c3 b6 16. Rxa3 Bd7 17. Bc2 Be8 18. Qe2 Bh5 19. Nbd2 e5 20. Qb5 e4 21. Qxd5+ Bf7 22. Qxe4 Bg6 23. Qd5+ Kh8 24. Bxg6 Qxg6 25. Re1 Rad8 26. Qe6 Rf6 27. Qe4 Qf7 28. Raa1 Rg6 29. g3 a5 30. Nc4 Qxc4 31. Rab1 b5 32. Nh4 Rf6 33. Nf5 Qf7 34. Rxb5 Bf8 35. Re2 a4 36. Ne3 Re8 37. Qd3 a3 38. Rb6 a2 39. Ra6 Qg6 40. Qxg6 Rxg6 41. Raxa2 Ne7 42. Kg2 Rc8 43. Rac2 Nc6 44. d5 Ne5 45. f4 Nc4 46. Nf5 Rf6 47. Nd4 Bc5 48. Ne6 Ne3+ 49. Kf3 Nxc2 50. Rxc2 Rf7 51. c4 Ra7 52. Ke4 Ra4 53. f5 Bd6 54. Kd4 Kg8 55. g4 Kf7 56. h4 Kf6 57. Rc3 Be5+ 58. Kd3 Bxc3 59. Kxc3 Rcxc4+ 60. Kd3 Rxg4 61. d6 Ra7 62. Ke3 Kxf5 63. Nd4+ Rxd4 64. d7 Rdxd7 65. Kf3 Ra4 66. h5 Rb7 67. Kg3 Rb3+ 68. Kh2 Ra2+ 69. Kg1 Rb1# 0-1

[Event "St Petersburg-ch (Women) 91st"]
[Site "St Petersburg"]
[Date "2023.03.20"]
[Round "3"]
[White "Reger, Valeriia"]
[Black "Yurasova, Daria"]
[Result "0-1"]
[WhiteElo "1930"]
[BlackElo "2085"]
[PlyCount "95"]
[EventDate "2023.03.18"]
[EventType "swiss"]
[EventRounds "9"]
[EventCountry "RUS"]
[SourceTitle "CBM 213 Extra"]
[Source "ChessBase"]
[SourceDate "2023.05.31"]
[SourceVersion "1"]
[SourceVersionDate "2023.05.31"]
[SourceQuality "1"]

1. d4 d5 2. c4 c6 3. cxd5 cxd5 4. Bf4 Nf6 5. Nc3 Nc6 6. e3 a6 7. Bd3 Bg4 8. f3 Bd7 9. Nge2 e6 10. g4 Be7 11. Kf2 Rc8 12. h4 Na5 13. Ng3 Qb6 14. Qe2 Bd6 15. Bxd6 Qxd6 16. g5 Ng8 17. Nh5 g6 18. Nf4 Ne7 19. h5 e5 20. dxe5 Qxe5 21. hxg6 fxg6 22. Qd2 0-0 23. Rh4 d4 24. Nce2 dxe3+ 25. Qxe3 Qxe3+ 26. Kxe3 Nc4+ 27. Kf2 Nf5 28. Bxf5 Bxf5 29. Nd5 Kh8 30. Rah1 h5 31. gxh6 Nxb2 32. Ne7 Rc2 33. Nxf5 gxf5 34. R1h2 Re8 35. Kf1 Nd3 36. Rd4 Nc1 37. Nxc1 Rxh2 38. Nd3 Rd2 39. Rd5 Re3 40. Rd8+ Kh7 41. Rd7+ Kxh6 42. Rd6+ Kg7 43. Rd7+ Kf8 44. Nc5 Rxd7 45. Nxd7+ Ke7 46. Nc5 Rxf3+ 47. Ke2 Ra3 48. Ke1 0-1

[Event "RUS-chT Rapid (Women)"]
[Site "Sochi"]
[Date "2022.10.19"]
[Round "7.4"]
[White "Kovanova, Baira"]
[Black "Reger, Valeriia"]
[Result "0-1"]
[WhiteElo "2317"]
[BlackElo "2039"]
[PlyCount "72"]
[EventDate "2022.10.18"]
[EventType "team-swiss (rapid)"]
[EventRounds "9"]
[EventCountry "RUS"]
[SourceTitle "CBM 210 Extra"]
[Source "ChessBase"]
[SourceDate "2022.11.30"]
[SourceVersion "1"]
[SourceVersionDate "2022.11.30"]
[SourceQuality "1"]
[WhiteTeam "Yugra (W)"]
[BlackTeam "St Petersburg SShOR (W) II"]
[WhiteTeamCountry "RUS"]
[BlackTeamCountry "RUS"]

1. e4 e6 2. d4 d5 3. Nc3 Bb4 4. e5 c5 5. Bd2 Nc6 6. Nb5 Nge7 7. Bxb4 cxb4 8. Nd6+ Kf8 9. Qf3 Nf5 10. Nxf5 exf5 11. 0-0-0 Be6 12. Kb1 a5 13. Ne2 a4 14. Nf4 Qd7 15. c4 bxc3 16. Qxc3 g6 17. Bb5 Kg7 18. h4 h5 19. Rh3 Qe7 20. Qa3 Rhc8 21. Qe3 a3 22. b3 Ra5 23. Bxc6 Rxc6 24. Qd2 Ra8 25. Nxh5+ gxh5 26. Rg3+ Kh7 27. Rg5 Bd7 28. Rxh5+ Kg7 29. Qe2 Rg6 30. Qf3 f4 31. Qxf4 Bg4 32. f3 Bxh5 33. g4 Qxh4 34. Rc1 Bxg4 35. Rc7 Qh1+ 36. Kc2 Be6 0-1

[Event "Wch U18 Girls"]
[Site "Mamaia"]
[Date "2022.09.14"]
[Round "9"]
[White "Bardorz, Jana"]
[Black "Reger, Valeriia"]
[Result "0-1"]
[WhiteElo "2048"]
[BlackElo "2062"]
[PlyCount "104"]
[EventDate "2022.09.06"]
[EventType "swiss"]
[EventRounds "11"]
[EventCountry "ROU"]
[SourceTitle "CBM 210 Extra"]
[Source "ChessBase"]
[SourceDate "2022.11.30"]
[SourceVersion "1"]
[SourceVersionDate "2022.11.30"]
[SourceQuality "1"]

1. e4 e6 2. d4 d5 3. Nd2 Be7 4. e5 c5 5. c3 Nc6 6. Ndf3 Qb6 7. Bd3 f6 8. Ne2 Bd7 9. 0-0 fxe5 10. dxe5 0-0-0 11. Re1 Rf8 12. Ng3 h5 13. h4 Nh6 14. Bg6 Ng4 15. Bxh5 Nxf2 16. Kxf2 Bxh4 17. Bg4 c4+ 18. Be3 Qxb2+ 19. Qd2 Nxe5 20. Qxb2 Nd3+ 21. Kg1 Nxb2 22. Nxh4 Rxh4 23. Bh3 Nd3 24. Rf1 Nf4 25. Bxf4 Rhxf4 26. Rxf4 Rxf4 27. Re1 Rf6 28. Nh5 Rg6 29. Nf4 Rg3 30. Bxe6 Bxe6 31. Rxe6 Kd7 32. Re2 Rxc3 33. Nxd5 Rc1+ 34. Kf2 Kd6 35. Ne3 b5 36. Rb2 Kc5 37. Ke2 a5 38. Nd1 b4 39. Kd2 Ra1 40. Rc2 a4 41. Ne3 c3+ 42. Kd3 Kb5 43. Rf2 g6 44. Kd4 Re1 45. Kd3 Rb1 46. Rf6 Rb2 47. Rxg6 Rd2+ 48. Ke4 b3 49. axb3 axb3 50. Rg5+ Kb4 51. Rg8 c2 52. Rb8+ Kc3 0-1

[Event "Chigorin Memorial 28th"]
[Site "St Petersburg"]
[Date "2021.10.30"]
[Round "8"]
[White "Yurasova, Daria"]
[Black "Reger, Valeriia"]
[Result "1-0"]
[WhiteElo "2127"]
[BlackElo "1772"]
[PlyCount "125"]
[EventDate "2021.10.23"]
[EventType "swiss"]
[EventRounds "9"]
[EventCountry "RUS"]
[SourceTitle "EXT 2023"]
[Source "ChessBase"]
[SourceDate "2022.10.05"]
[SourceVersion "1"]
[SourceVersionDate "2022.10.05"]
[SourceQuality "1"]

1. d4 Nf6 2. Bg5 e6 3. e4 h6 4. Bxf6 Qxf6 5. c3 d6 6. Bd3 Nd7 7. Ne2 g6 8. 0-0 Bg7 9. Nd2 0-0 10. f4 Qe7 11. Qc2 Nf6 12. Rae1 Ng4 13. Nc1 c5 14. dxc5 dxc5 15. e5 h5 16. Ne4 Bd7 17. Nd6 Bc6 18. Be4 Bxe4 19. Qxe4 b6 20. Qc6 Rfd8 21. Nd3 Bf8 22. h3 Nh6 23. Nf2 Qd7 24. Qf3 Bxd6 25. Rd1 Qb5 26. a4 Qxa4 27. exd6 Rac8 28. Ne4 Kg7 29. Qe2 f6 30. d7 Rxd7 31. Nd6 Rcd8 32. Qxe6 Ng8 33. b3 Rxd6 34. Qxd6 Rxd6 35. bxa4 Re6 36. Rd7+ Re7 37. Rxe7+ Nxe7 38. Rd1 Kf7 39. Rd6 Nc8 40. Rc6 Ne7 41. Rc7 Ke6 42. c4 Nf5 43. Kf2 Nd6 44. Rxa7 Nxc4 45. Ke2 Kf5 46. Kd3 Nb2+ 47. Kc3 Nd1+ 48. Kd2 Nb2 49. Kc2 Nc4 50. g3 h4 51. gxh4 Kxf4 52. Rg7 Ne5 53. Rb7 f5 54. Rxb6 Ke4 55. a5 Kd5 56. a6 Nc6 57. Rb7 f4 58. a7 Nxa7 59. Rxa7 Ke4 60. Rg7 Kf5 61. Kd3 c4+ 62. Ke2 c3 63. Rc7 1-0

[Event "St Petersburg-ch (Women) 88th"]
[Site "St Petersburg"]
[Date "2020.09.26"]
[Round "5"]
[White "Reger, Valeriia"]
[Black "Vorobieva, Varvara"]
[Result "1/2-1/2"]
[WhiteElo "1933"]
[BlackElo "1949"]
[PlyCount "81"]
[EventDate "2020.09.22"]
[EventType "swiss"]
[EventRounds "9"]
[EventCountry "RUS"]
[SourceTitle "EXT 2021"]
[Source "ChessBase"]
[SourceDate "2020.10.23"]
[SourceVersion "1"]
[SourceVersionDate "2020.10.23"]
[SourceQuality "1"]

1. d4 d5 2. c4 c6 3. Nc3 Nf6 4. cxd5 cxd5 5. Bg5 Nc6 6. e3 e6 7. a3 Be7 8. Bd3 0-0 9. Qc2 h6 10. Bf4 Nh5 11. Bg3 Nxg3 12. hxg3 Bd7 13. f4 Be8 14. Nf3 Rc8 15. Rd1 a6 16. Kf2 b5 17. Qe2 f5 18. Nd2 Bf6 19. Nb3 Qd6 20. Bb1 Nb8 21. g4 Bg6 22. gxf5 Bxf5 23. Bxf5 exf5 24. Qf3 Rcd8 25. Nc5 Rf7 26. Rh5 Qc6 27. Qh3 Nd7 28. Nd3 Qe6 29. Nb4 Nb8 30. Qf3 Rfd7 31. Nd3 Rf7 32. Nc5 Qc6 33. g3 Be7 34. Nd3 Qe6 35. Ne5 Rff8 36. Rc1 Bf6 37. Nd3 Be7 38. Rch1 Nc6 39. Rd1 Na5 40. Ne5 Nc4 41. Nxc4 1/2-1/2